Liverpool 2024/25 Premier League Champions - Statistics

General Stats
  • This quiz has been taken 120 times
  • The average score is 20 of 22
Answer Stats
Hint Answer % Correct
2. Egypt Mohamed Salah
100%
TOP 11 APPEARANCE MAKERS 1. Netherlands Virgil Van Dijk
100%
5. Argentina Alexis Mac Allister
96%
4. Colombia Luis Diaz
96%
8. Scotland Andrew Robertson
95%
6. Hungary Dominik Szoboszlai
95%
TOP 5 GOALSCORERS
1. Egypt
Mohamed Salah
95%
7. Netherlands Cody Gakpo
94%
2. Colombia Luis Diaz
94%
TOP 5 ASSISTS 1. Egypt Mohamed Salah
94%
5. Argentina Alexis Mac Allister
93%
3. Netherlands Cody Gakpo
93%
9. England Trent Alexander-Arnold
93%
4. Hungary Dominik Szoboszlai
92%
3. Colombia Luis Diaz
92%
4. Portugal Diogo Jota
91%
11. France Ibrahima Konate
90%
2. England Trent Alexander-Arnold
89%
3. Netherlands Ryan Gravenberch
88%
5. Netherlands Ryan Gravenberch
85%
10. England Curtis Jones
80%
BEST PERFORMANCE- (MY OPINION) Liverpool's goal scorers
Diaz Mac Allister Gakpo Salah Udogie (OG)
Liverpool 5-1 ?
Tottenham
53%
No matching quizzes found
Score Distribution
Percent of People with Each Score
Percentile by Number Answered
Your Score History
You have not taken this quiz